Grumpy Lion Knows Patterns (Record no. 47822)
| 000 -LEADER | |
|---|---|
| fixed length control field | 00325nam a22001217a 4500 |
| 008 - FIXED-LENGTH DATA ELEMENTS--GENERAL INFORMATION | |
| fixed length control field | 241107b |||||||| |||| 00| 0 eng d |
| 020 ## - INTERNATIONAL STANDARD BOOK NUMBER | |
| International Standard Book Number | 9781760404222 |
| 100 ## - MAIN ENTRY--PERSONAL NAME | |
| Personal name | Katie Abey (Author) |
| 9 (RLIN) | 85641 |
| 245 ## - TITLE STATEMENT | |
| Title | Grumpy Lion Knows Patterns |
| 260 ## - PUBLICATION, DISTRIBUTION, ETC. (IMPRINT) | |
| Place of publication, distribution, etc | Australia |
| Name of publisher, distributor, etc | Bonnier |
| Date of publication, distribution, etc | 2017 |
| 300 ## - PHYSICAL DESCRIPTION | |
| Extent | 10 p |
| Other physical details | col. ill. |
| Dimensions | 31 cm. |
| 942 ## - ADDED ENTRY ELEMENTS (KOHA) | |
| Source of classification or shelving scheme | |
| Withdrawn status | Lost status | Source of classification or shelving scheme | Damaged status | Not for loan | Collection code | Home library | Current library | Date acquired | Total Checkouts | Full call number | Barcode | Date last seen | Price effective from | Koha item type |
|---|---|---|---|---|---|---|---|---|---|---|---|---|---|---|
| Primary | Asian Hope Siem Reap | Asian Hope Siem Reap | 11/07/2024 | FIC KAT | 207365 | 11/07/2024 | 11/07/2024 | Book |